Paroles - Bambino - Dalida - Statistiques

Statistiques générales
  • Ce quiz a été pris 285 fois
    253 depuis la dernière actualisation
  • Le résultat moyen est 254 sur 314
Statistiques - réponses
Réponse % Correct
Bambino
98%
A
97%
À
97%
S'
97%
C'
95%
D'
95%
Je
95%
L'
95%
Tu
95%
es
94%
Es
94%
Le
94%
De
93%
En
93%
Et
93%
Les
93%
N'
93%
Qu'
93%
La
92%
92%
Ne
92%
Des
90%
Pour
90%
Que
90%
Te
89%
Amour
88%
Mon
88%
Pas
88%
Yeux
88%
Un
87%
Comme
86%
Est
86%
Plus
86%
Toi
86%
Ça
85%
Même
85%
Ombre
85%
Sa
85%
Ta
85%
Tout
85%
Bien
83%
Elle
83%
Dans
82%
Jouer
82%
Pleure
82%
Sais
82%
Mais
81%
Petit
81%
Une
80%
As
79%
Au
79%
Jeune
79%
Peux
79%
Trop
79%
Amoureux
78%
Encore
78%
Jolie
78%
Mine
78%
Son
78%
Sur
78%
Tous
77%
Adores
76%
Ce
76%
Joues
76%
Triste
76%
Enfants
75%
Jolis
75%
Italie
74%
Vie
74%
Ame
73%
Blêmes
73%
Ciel
73%
Dors
73%
Peine
73%
Prend
73%
Va
73%
Musique
72%
Sont
72%
Toute
72%
Sérieux
71%
Veux
71%
Fenêtre
70%
Grands
70%
Jalousie
70%
Jeux
70%
Maman
70%
Sous
70%
Cigarettes
69%
Coeur
69%
Fumer
69%
On
69%
Si
69%
Soirs
68%
Ton
68%
Fait
67%
Battus
66%
Rue
66%
Voix
66%
Font
65%
Peut
65%
Tant
65%
Voir
65%
Ballon
64%
Câline
64%
Canta
64%
Chanter
64%
Mamans
64%
Monsieur
64%
Dire
63%
Air
62%
Quand
62%
Tes
62%
Gamins
61%
Seul
61%
Casquette
60%
Plutôt
59%
Cherubin
58%
Gratta
58%
Souffrir
56%
Trottoir
56%
Garde
55%
Guettes
55%
Vieillira
55%
Chagrin
54%
Cheveux
54%
Avec
53%
Déhancher
53%
Blonds
52%
Bon
52%
Envolera
51%
Ses
51%
Coup
50%
Rodes
50%
Oreille
47%
Bras
42%
Tourments
41%
Pencher
39%
Douce
37%
Mandolino
31%
Blotti
28%
Tuo
18%
Aucun quiz correspondant
Distribution des résultats
% des personnes avec chaque résultat
Percentile par nombre de réponses
Votre historique - résultats
Vous n’avez pas pris ce quiz depuis la dernière actualisation